00884 2200277 4500001002100000005001700021008004100038020002200079035002500101040001200126082001100138084001900149100001900168245017500187250001100362260003400373300003500407504003100442650002300473700002300496700002100519850001200540990001800552990001800570990001800588INLIS00000000000774720150707150243.0  a978-602-7948-39-6 a0010-071500000000430 aYOPDYOG a001.42 aQ 001.42 Rul M aRULLY INDRAWAN aMetodologi penelitianb: kuantitatif, kualitatif, dan campuran untuk manajemen, pembangunan, dan pendidikanc/ Rully Indrawan, R. Poppy Yaniawati; editor Nurul Falah Atif aCet. 1 aBandungbRefika Aditamac2014 aix, 280 hlm.b: ilus.c; 26 cm aBibliografi : hlm. 274-275 aPenelitian, Metode aPoppy Yaniawati, R aNurul Falah Atif aYOPDYOG a14163-PD/B.15 a14164-PD/B.15 a14165-PD/B.15